000 00487nam a22001937a 4500
008 150701b xxu||||| |||| 00| 0 alb d
020 _a9789951635134
041 0 _aalb
080 _a070
100 _aKosumi, Bajram;
245 _aTipologji dhe zhanër /
_cBajram Kosumi.
260 _aPrishtinë :
_bOLYMP ;
_c2013.
300 _a180 f.:
_bme il.;
_c22 cm.
500 _aParathënie: f. 5-7
650 0 _aGazetaria
650 0 _aShkrimi
650 0 _aKomunikimi
942 _2udc
_cBK
999 _c1082
_d1082